000 01221nam a2200277 c 4500
003 BLK
005 20180422113512.0
008 180410b bul|||||r ||||||| ||bul||
010 _aKNG00164109000
040 _aBLK
041 _aBUL
_cBUL
080 _aИкономика на промишлеността. Промишлено производство
_b338.45
_x:664(075.8)
_z338.45:664(075.8)
100 1 _aЛуканов, Камен Миланов
_eпърви автор
_9363723
139 _aЛуканов, Камен Миланов
_bЛ 86
245 1 0 _aИкономика и планиране на хранителната промишленост
_bУчебник за студентите от ВИХВП - Пловдив
_cКамен Миланов Луканов.
257 _aBGR
260 София
_bЗемиздат
_c1988
_fПловдив : Д. Благоев
300 _a179 с.
_bс табл., диагр.
_c24 см
380 _a3
500 _a2 084 тир.
852 _aЦб 153187
856 4 _qpdf
_u
856 4 _qpdf
_u
942 _cKNG
_n0
944 _aCR
_c19.08.2014
_l19.08.2014 - от С1,Р / 19.08.2014
_kЛюбка_Николова
944 _aED
_c19.08.2014
_l19.08.2014 - от С1,Р / 19.08.2014
_k
999 _c157167
_d157167